| 000 | 00427ntaaa2200169 4500 | ||
|---|---|---|---|
| 003 | 01 | ||
| 005 | 20251027201228.0 | ||
| 008 | 0714s1973 ag 01 | ||
| 040 |
_aAR-BaBN _bspa _cAR-BaBN _eaacr _dRIC |
||
| 082 | _a220.91 Sa5 | ||
| 100 |
_aSantos, Irene _910300 |
||
| 245 |
_aPatria Da Biblia / _cIrene Santos |
||
| 250 |
_a1 ed. : _bEditorial Carlos Couto, _cc1960 |
||
| 300 | _a192 p. | ||
| 650 |
_aPalestina _95160 |
||
| 942 | _cBK | ||
| 999 |
_c6603 _d6603 |
||